00746nam a2200205 a 450000100100000000500170001000800410002704000250006808200130009310000400010624500740014624600510022026000430027130000200031449000210033450400270035583000300038295201110041299900170052300004293520201002040518.0140213s1989 dr 000 0 spa d aDO-SdBNPbspacBNPHU axxxbxxx1 aMonclús C., Juan Francisco91946510a500 preguntas contestadas por un abogado /cJuan Francisco Monclus C.10aQuinientas preguntas contestada por un abogado aSanto Domingo :bEl Estudiante,c1989. a39 p. ;c22 cm.1 a500 Preguntasv3 aBibliografía : p. 39 0a500 Preguntas ;n3970419 0010718PDaPDbPDcCTd2014-02-13iLF1l0oxxx xxxp42935-10r2020-06-25w2020-06-25yLFPDZNo se presta c42424d42424